The story of administration of laws in Bengal (Record no. 86007)

MARC details
000 -LEADER
fixed length control field 00815cam a2200265 4500
001 - CONTROL NUMBER
control field sa 68014733
003 - CONTROL NUMBER IDENTIFIER
control field DLC
005 - DATE AND TIME OF LATEST TRANSACTION
control field 20260227112635.0
008 - FIXED-LENGTH DATA ELEMENTS--GENERAL INFORMATION
fixed length control field 700218s1966 ii 000 0 eng
010 ## - LIBRARY OF CONGRESS CONTROL NUMBER
LC control number sa 68014733
025 ## - OVERSEAS ACQUISITION NUMBER
Overseas acquisition number PL480:I-E-10307
040 ## - CATALOGING SOURCE
Original cataloging agency DLC
Transcribing agency DLC
Modifying agency DLC
043 ## - GEOGRAPHIC AREA CODE
Geographic area code ab-----
050 00 - LIBRARY OF CONGRESS CALL NUMBER
Classification number KNT3106
Item number .M35 1966
082 00 - DEWEY DECIMAL CLASSIFICATION NUMBER
Classification number 340/.0954/14
100 1# - MAIN ENTRY--PERSONAL NAME
Personal name Majumder, Ajit B.
245 14 - TITLE STATEMENT
Title The story of administration of laws in Bengal
Statement of responsibility, etc. [by Ajit B. Mojumder]
260 ## - PUBLICATION, DISTRIBUTION, ETC.
Place of publication, distribution, etc. Alipore,
Name of publisher, distributor, etc. Superintendent, Govt. Print., West Bengal Govt. Press,
Date of publication, distribution, etc. 1966.
300 ## - PHYSICAL DESCRIPTION
Extent ii, 94 p.
Dimensions 25 cm.
350 ## - PRICE (NR) (BK AM CF MU VM SE) [OBSOLETE]
Price 6.00
500 ## - GENERAL NOTE
General note Cover title.
500 ## - GENERAL NOTE
General note At head of title: Govt. of West Bengal, Judicial Dept.
650 #0 - SUBJECT ADDED ENTRY--TOPICAL TERM
Topical term or geographic name entry element Law
Geographic subdivision India
-- Bengal
General subdivision History.
710 1# - ADDED ENTRY--CORPORATE NAME
Corporate name or jurisdiction name as entry element West Bengal.
Subordinate unit Judicial Department.

No items available.

Powered by Koha